| 000 | 00617nam a22002057a 4500 | ||
|---|---|---|---|
| 005 | 20150327113014.0 | ||
| 008 | 120213s2012 nyu b 001 0 eng | ||
| 020 | _a9780071793421 | ||
| 041 | 0 | _aeng | |
| 080 | _a339.1 | ||
| 100 | 1 | _aHoffmann, Norman W. | |
| 245 | 1 | 0 |
_aMergers and acquisitions strategy for consolidations : _cNorman W. Hoffmann. |
| 250 | _a1st ed. | ||
| 260 |
_aNew York, NY : _bMcGraw-Hill, _c2012. |
||
| 300 |
_a310 f ; _c24 cm. |
||
| 505 | 0 | _aIndex: f. 295 - 310 | |
| 650 | 0 | _aSegmentimi | |
| 650 | 0 | _aTregu | |
| 942 |
_2udc _cBK |
||
| 999 |
_c553 _d553 |
||